000 00948nam a22003017a 4500
003 CHAP
005 20220329133503.0
008 971013s r 00010 d
010 _a6950
011 _a7922
035 _a7147
040 _cCHAP
090 _aR-3429
100 0 0 _aRaats, P. A. C.
_993616
245 _aUnstable wetting fronts in uniform and nonuniform soils
500 _aSobretiro de : Soil Sci. Soc. Amer. Proc. 37 : 681-685, 1973
590 _aBATCH-UPD
_b10
_c20130109
_lUCH01
_h2357
590 _aBATCH-UPD
_b10
_c20130110
_lUCH01
_h1527
590 _aBATCH-UPD
_b10
_c20130409
_lUCH01
_h1931
590 _aBATCH-UPD
_b10
_c20130914
_lUCH01
_h1951
590 _aCONVERSION
_b10
_c20130109
_lUCH01
_h1305
650 1 4 _aSuelos
_xEstabilización.
_9110359
650 1 4 _aSuelos
_xEstructura.
_9110360
650 1 4 _aSuelos
_xPercolación.
_9110457
901 _aBK
942 _cREIMP
949 _aR-3429
_bBC
_cR
_d-16960
_eTS1
_i7147
_mD
_si
999 _c6950
_d6950